00456 2200169 4500001002100000008004100021035002000062245006000082100001400142260003200156300002500188020001800213084001400231082000800245650001400253990001900267INLIS000000000003145 ind  a0010-0724003145 aPasti Bisa! Bahasa Inggris 16 TensescRendrasta Duta A. aPardiyono aYogyakartabC.V Andi Offset a216 hlm.c16 x 23 cm a979-763-350-0 a370 PAR p a370 aNon Fiksi aP29/CP/24/3145